1520 1542 1618 1279 1358 1870 1439 1443 1374 1478 1228 1646 1403 1075 1196 1186 1825 1780 1373 1165 1644 1742 1719 1298 1820 1273 1784 1818 1298 1340 1374 1210 1254 1643 1049 1359 1843 1776 1285 1654 1851 1152 1847 1821 1864 1639 1688 1438 1840 1569 1888 1583 1028 1291 1433 1419 1872 1918 1542 1863 1900 1644 1351 1528 1162 1079 1025 1781 1020 1368 1016 1738 1358 1606 1393 1306 1971 1879 1032 1511 1505 1244 1253 1585 1096 1729 1740 1001 1120 1999 1076 1807 1254 1367 1093 1481 1470 1129 1750 BCNSPRNW ULIB Ver.6.0+V

เปลี่ยนเป็นภาษาไทย

Change to English
 แสดงรายละเอียดบรรณานุกรม
  กลับหน้าหลัก

Brief Record : Get Marc (ISO 2709) : E-mail record : QR code < ปิดหน้าต่าง
LEADER : 00000nam 2200000uu 4500
001    13399113465
003     ULIB
008    111121s2553||||th 000 0 tha d
020    ^a9786167190464
090    ^aนว.^bร165บ 2553
100 0  ^aรวีปรียา
245 00 ^aบ่วงพิศวาส/^cรวิปรียา
250    ^aพิมพ์ครั้งที่ 1
260    ^aกรุงเทพฯ :^bอินเลิฟ,^c2553
300    ^a218 หน้า
710 1  ^aอินเลิฟ
945    ^p129^l0^i17072
995    ^aกัณชพร
999    ^aใช้งานได้ทุกระบบ
รายการนี้ยังไม่มีแท็ก
คุณยังไม่ได้ล็อกอิน คุณสามารถมีกิจกรรมร่วมกับเว็บไซต์ได้ แต่ต้องล็อกอินก่อน ::
  ล็อกอิน

รายการสื่อสารสนเทศ

ลำดับที่ ประเภท เลขเรียก/บาร์โค้ด สถานที่ สถานะ
1. นวนิยาย
นวนิยาย
นว. ร165บ 2553  
  Barcode: 17072
ห้องสมุดวิทยาเขตสวรรค์ประชารักษ์
►นวนิยาย
บนชั้น
  ขอยืม

BibComment


ยังไม่เคยถูกคอมเมนท์

คอมเมนท์ทรัพยากรรายการนี้
  คอมเมนท์: บ่วงพิศวาส รวิปร..


 Copyright 2026. Bcnsprnw @Library